000 02947nam0a2200529 4500
001 RU\NLR\BIBL_A\012399211
005 20260204000000.0
035 _a(NLR Aleph) 012399211
090 _a5565
_c5565
100 _a20201109d1943 u y0rusy50 ca
101 0 _arus
102 _aRU
105 _ay z 000zy
135 _acrcn 024anaba
181 0 _ai
_baxxe
182 0 _an
200 1 _aВеликий город Ленина
_eдоклад
_e[стенограмма радиопередачи], 28 мая 1943 г. Начало 12 ч. 45 м., окончание 13 ч.
_f[у микрофона доктор исторических наук, профессор Францев]
_gредактор передачи: Анурьева
_gЛенинградский комитет радиовещания
203 _aТекст
_bвизуальный
_cнепосредственный
210 _a[Ленинград]
_cЛТ УН-9
_d1943
215 _a[1], 8 л.
_d30,0х20,5х0,4
300 _aОписано по бланку Ленинградского комитета радиовещания
300 _aТекст на одной стороне листа
309 _aНапеч. на пиш. маш. Литогр.
325 _aКопия доступна в Электрон. б-ке РНБ
607 _aСанкт-Петербург, город
_xИстория
_2nlr_sh1
_2nlr_sh2
_3RU\NLR\AUTH\66833946
686 1 _aТ3(2-2СПб)0,02
700 1 _aФранцов
_bГ. П.
_f1903-1969
_gГеоргий Павлович
_3RU\NLR\AUTH\77126246
702 1 _aАнурьева
_bН. И.
_f1912-
_gНина Ивановна
_3RU\NLR\AUTH\770227350
_4340
712 0 2 _aЛенинградский комитет по радиофикации и радиовещанию
_3RU\NLR\AUTH\880358224
_4570
852 _aNLR
_jII Л3-5/1-26
856 0 _uhttps://vivaldi.nlr.ru/bx000025373/view
856 1 _uhttps://vivaldi.nlr.ru/bx000025373/cover
856 2 _uhttps://vivaldi.nlr.ru/bx000025373/text
942 _cBOOK
945 _aРоссийская национальная библиотека
980 3 _akpnscan
980 _aNB
980 _aBV
981 3 7 _a(37) Ленинград в Великой Отечественной войне
_b(37) Книги блокадного Ленинграда
981 2 0 _a(20) Книжные памятники РНБ
_b(20) Русский книжный фонд